[Event "28th WSCC Open 65 2018"]
[Site "Bled"]
[Date "2018.11.26"]
[Round "8"]
[White "Pritchett, Craig W"]
[Black "Frick, Christoph"]
[Result "1/2-1/2"]
[WhiteElo "2286"]
[BlackElo "2186"]
[Annotator "TA"]
[PlyCount "105"]
[EventDate "2018.11.17"]
[EventType "swiss"]
[EventCountry "SLO"]
[SourceTitle "playchess.com"]
[Source "ChessBase"]
[SourceQuality "1"]

{[%evp 10,105,11,12,62,60,69,27,36,32,32,-26,-8,-10,24,-39,-19,-23,12,-6,49,0,58,37,58,51,69,68,90,93,102,108,104,121,145,126,134,126,132,133,127,146,150,45,107,103,125,115,112,109,126,-6,0,0,49,-18,-11,-38,18,20,50,53,64,-18,11,0,0,0,0,0,0,0,9,0,0,0,0,0,0,0,0,0,0,0,0,0,0,0,0,0,0,1,8,8,18,0,0,0]} 1. e4 c6 2. d4 d5 3. e5 Bf5 4. Nf3 e6 5. Be2 c5 6. O-O cxd4 {B12: Caro-Kann: Advance Variation} 7. Nxd4 Ne7 8. Nxf5 $146 ({Predecessor:} 8. Be3 Nbc6 9. Bb5 a6 10. Bxc6+ Nxc6 11. Nxf5 exf5 12. c3 Be7 13. Nd2 Nxe5 14. Bd4 f6 15. Re1 Nc6 16. Nf3 O-O {1-0 (42) Vidit,S (2711)-Dreev,A (2649) chess.com INT 2018}) 8... Nxf5 {White has an edge.} 9. Bd3 g6 10. Qg4 ({Better is} 10. Nd2 $14) 10... h5 $11 11. Qe2 Nc6 (11... Nd4 $5 {[%cal Rd4e2]} 12. Qe1 Ndc6 $11) 12. Nd2 (12. c3 $11) 12... Qc7 13. Nf3 Bg7 14. Bf4 O-O-O (14... Nfd4 $11 15. Nxd4 Nxd4) 15. Rfe1 Kb8 (15... Ncd4 $11 16. Nxd4 Nxd4) 16. c3 Rc8 17. Rad1 Rhd8 18. h3 Nce7 19. g4 hxg4 20. hxg4 Nh6 21. Nd4 a6 22. Kg2 Nc6 23. Rh1 Rh8 24. Rde1 Ng8 25. Rxh8 Bxh8 26. Bg3 (26. Nxc6+ $1 $16 Qxc6 27. Rh1) 26... Nge7 (26... Nxd4 $14 27. cxd4 Ne7) 27. Nf3 $16 Bg7 {[#]} 28. Ng5 $1 Rf8 29. f4 Nc8 30. f5 (30. Bxg6 $16 fxg6 31. Nxe6 {[%mdl 64] Double Attack}) 30... gxf5 $11 31. gxf5 Bh6 32. Qh5 ({White should play} 32. Nh7 $14 Rg8 33. Nf6 Rxg3+ 34. Kxg3) 32... Bxg5 $1 33. Qxg5 Qd8 (33... d4 $15) 34. Qxd8 Rxd8 35. Rh1 d4 {White must now prevent ...dxc3.} 36. Rd1 (36. fxe6 $14 fxe6 37. Bc4) 36... N8e7 {The position is equal.} 37. fxe6 fxe6 38. c4 Rg8 39. Kf3 Rg5 40. Bf4 Rh5 41. Kg4 Rh8 42. Be4 Rg8+ 43. Kf3 Kc8 44. a3 a5 45. b4 axb4 46. axb4 {And now b5 would win.} Rf8 47. Bxc6 Nxc6 {[%mdl 4096] Endgame KRB-KRN} 48. b5 Nxe5+ 49. Ke4 $1 {[%mdl 64] Double Attack} Nd7 50. Bd6 ({Don't go for} 50. Rxd4 $2 {[#]} Rxf4+ $1 {[%mdl 512]} 51. Kxf4 e5+ 52. Ke3 exd4+ $19) 50... Rh8 51. Kxd4 Rh4+ 52. Kc3 Nb6 53. Rd4 {Accuracy: White = 40%, Black = 46%.} 1/2-1/2

[Event "28th WSCC Open 65 2018"]
[Site "Bled"]
[Date "2018.11.26"]
[Round "8"]
[White "Maryasin, Boris"]
[Black "Birnboim, Nathan"]
[Result "1/2-1/2"]
[WhiteElo "2284"]
[BlackElo "2376"]
[Annotator "TA"]
[PlyCount "102"]
[EventDate "2018.11.17"]
[EventType "swiss"]
[EventCountry "SLO"]
[SourceTitle "playchess.com"]
[Source "ChessBase"]
[SourceQuality "1"]

{[%evp 21,102,4,37,34,56,53,54,44,64,55,60,40,46,-24,-13,-17,-10,-52,36,14,27,28,45,45,108,97,91,101,116,59,86,69,94,57,125,51,61,70,158,52,197,152,152,-25,-25,-23,-36,-23,-34,-60,-59,-57,-30,-253,-257,-250,-250,-297,-250,-422,-412,-537,-526,-500,-503,-474,0,0,0,-569,0,-383,0,0,0,0,0,0,0,0,0,0,0]} 1. e4 c5 2. Nf3 d6 3. d4 cxd4 4. Nxd4 Nf6 5. Nc3 g6 6. Be2 Bg7 7. O-O O-O 8. Bg5 Nc6 9. Nb3 a5 10. a4 Be6 11. f4 Nb4 {LiveBook: 6 Games. B70: Sicilian Dragon: 6 g3 and 6 Be2 (without a later Be3)} 12. Nd4 Bg4 13. Ndb5 $146 ({Predecessor:} 13. Bxf6 Bxe2 14. Ncxe2 Bxf6 15. c3 Nc6 16. Nb5 Qb6+ 17. Kh1 Rac8 18. Rf3 Na7 19. Ned4 {1-0 (49) Rowley,R (2350)-Goldberg,M (2395) Philadelphia 1995}) 13... Bxe2 {White is slightly better.} 14. Qxe2 d5 15. e5 Qb6+ 16. Kh1 d4 17. Na2 (17. Nd1 $14) 17... Nxa2 $11 18. Rxa2 Nd5 19. f5 gxf5 (19... Ne3 $15 20. Bxe3 dxe3) 20. Ra3 $1 $14 f6 21. exf6 exf6 22. Bd2 {Rh3 is the strong threat.} Rf7 (22... f4 $1 $14) 23. Rh3 Rd8 24. Rxf5 Ne7 25. Rfh5 (25. Rf1 $16) 25... Qc6 26. Qd3 ({Of course not} 26. Rxh7 $6 Qxc2 27. Na3 Qxb2 $11) 26... f5 27. Rxh7 {aiming for R7h5.} Qe4 (27... Rc8 $14 28. Na3 (28. Bxa5 $2 Qxc2 29. Qxc2 Rxc2 $19) 28... Qe4) 28. R7h4 ({Reject} 28. Bxa5 $6 Qxd3 29. cxd3 Ra8 $11) (28. Kg1 $16) 28... Qxd3 29. Rxd3 Nc6 (29... Ng6 $1 $14 30. Rh5 Ne5) 30. c3 (30. b3 $16) 30... Re8 ({Black should try} 30... Rfd7 $14 31. cxd4 Nxd4 32. Nxd4 Bxd4) 31. Nd6 Re4 32. Rh5 $2 (32. g3 $1 $16 Rxh4 33. gxh4) 32... dxc3 $40 {[%mdl 128] Black is up to no good.} 33. bxc3 Rxa4 34. g3 Rd7 {Strongly threatening ...Ra1+.} 35. Rxf5 Ra1+ 36. Kg2 a4 {[%mdl 1024] And now ...a3 would win. Black has compensation.} 37. Rf4 $2 {[#]} (37. Bf4 $11) 37... b5 $1 $19 {[%mdl 512]} 38. Re4 {[#]} (38. Nxb5 Rxd3) 38... Ne5 $1 {[%cal Re5d3]} 39. Rd5 a3 40. Bf4 $2 (40. Rxb5 {was worth a try.} Rxd6 41. Bf4 Ra2+ 42. Kh3) 40... a2 41. Bxe5 {[#]} Rg1+ $1 {[%mdl 512]} 42. Kh3 {intending Bxg7.} (42. Kxg1 a1=Q+) 42... a1=Q 43. Bxg7 Rxg7 $2 (43... Qf1+ $19 44. Kh4 {[#]} Rxg3 $1 {[%mdl 512]} 45. hxg3 Qh1+ 46. Kg5 Rxg7+ 47. Kf4 Qf1+ 48. Ke3 Qe1+ 49. Kd4 Qf2+ 50. Re3 Rxg3) 44. Re8+ $11 Kh7 45. Rh5+ Kg6 46. Ree5 $2 {[%mdl 8192]} (46. Kh4 $11 Qa4+ 47. c4) 46... Qf1+ $2 (46... Re1 $19 {( -> ...Rxe5)} 47. Rhg5+ Kh7 48. Rh5+ Kg8) 47. Kh4 {The position is equal.} Qf6+ 48. Reg5+ Qxg5+ 49. Rxg5+ Kh7 50. Rxb5 Rg2 {[%cal Rg2h2]} 51. Kh3 Rc2 {Accuracy: White = 41%, Black = 40%.} 1/2-1/2

[Event "28th WSCC Open 65 2018"]
[Site "Bled"]
[Date "2018.11.26"]
[Round "8"]
[White "Shevelev, Arkady"]
[Black "Sveshnikov, Evgeny"]
[Result "1/2-1/2"]
[WhiteElo "2278"]
[BlackElo "2496"]
[Annotator "TA"]
[PlyCount "66"]
[EventDate "2018.11.17"]
[EventType "swiss"]
[EventCountry "SLO"]
[SourceTitle "playchess.com"]
[Source "ChessBase"]
[SourceQuality "1"]

{[%evp 16,66,-23,-16,0,-16,-15,-14,-14,-26,-14,-12,-6,-22,0,0,1,-6,0,-127,-125,-118,-87,-93,-85,-113,-111,-125,-104,-104,-52,-91,-91,-90,-74,-82,-93,-81,-81,-86,-74,-71,-19,-24,-6,-19,-19,-15,0,0,0,0,0]} 1. e4 c5 2. Nf3 Nc6 3. d4 cxd4 4. Nxd4 e5 5. Nf3 Nf6 6. Nc3 Bb4 7. Bc4 O-O 8. O-O Bxc3 9. bxc3 d6 {B33: Sicilian: Pelikan and Sveshnikov Variations} 10. Qd3 (10. Re1 Na5 11. Bb3 Qc7 12. Bg5 Ne8 13. Nd2 h6 14. Bh4 Be6 15. Re3 Qd7 16. Rd3 Rc8 17. Qc1 {0-1 (57) Bosch,J (2444)-Ikonnikov,V (2578) Netherlands 2009}) 10... Na5 11. Bb3 b6 $146 ({Predecessor:} 11... Qc7 12. Bg5 Qe7 13. Rfd1 Rd8 14. Nh4 Nxb3 15. axb3 h6 16. Bxf6 Qxf6 17. Qg3 {½-½ (44) Gilg,K-Jongsma,A Detmold 1967}) 12. Ba3 Nb7 13. Rad1 {[%cal Ra3d6]} Bg4 14. Rfe1 {[%cal Ra3d6]} Qc8 15. h3 Bh5 16. Qe3 Rd8 17. Bd5 (17. Nh4 $11) 17... Nxd5 $17 18. Rxd5 Bxf3 19. Qxf3 Qc4 20. Qd3 {[#]} Rac8 $1 21. Rd1 Qxd3 ({Much worse is} 21... Qxa2 $6 22. Bxd6 Nxd6 23. Rxd6 $11) ({Resist} 21... Qxc3 22. Qa6 $15) 22. R1xd3 g6 (22... Rc6 $17) 23. Kf1 Rc4 24. f3 Ra4 25. Bxd6 Rxd6 26. Rxd6 Nxd6 27. Rxd6 Rxa2 {[%mdl 4096] Endgame KR-KR} 28. Rd2 a5 (28... Ra3 $17) 29. Ke2 $11 Kg7 30. c4 {The position is equal.} a4 31. Kd3 $1 Ra3+ 32. c3 Ra1 {[#]} 33. c5 $1 {[%mdl 512]} bxc5 {Accuracy: White = 62%, Black = 44%.} 1/2-1/2

[Event "28th WSCC Open 65 2018"]
[Site "Bled"]
[Date "2018.11.26"]
[Round "8"]
[White "Boehnisch, Manfred"]
[Black "Vogt, Lothar"]
[Result "1/2-1/2"]
[WhiteElo "2261"]
[BlackElo "2359"]
[Annotator "TA"]
[PlyCount "59"]
[EventDate "2018.11.17"]
[EventType "swiss"]
[EventCountry "SLO"]
[SourceTitle "playchess.com"]
[Source "ChessBase"]
[SourceQuality "1"]

{[%evp 25,59,22,31,-7,0,0,-5,-13,-10,-11,0,0,0,0,0,-60,-67,-63,-63,-64,-60,-63,-34,-47,-24,-22,-23,-26,-43,-53,-35,-48,-12,-29,-34,-32]} 1. e4 c5 2. Nf3 d6 3. Bb5+ Bd7 4. Bxd7+ Qxd7 5. O-O Nf6 6. Qe2 Nc6 7. c3 e6 8. d4 cxd4 9. cxd4 d5 10. e5 Ne4 11. Be3 Be7 12. Ne1 f6 13. f3 Ng5 {LiveBook: 132 Games} 14. Bxg5 {B52: Sicilian: Moscow Variation with 3...Bd7} (14. Nd2 {is more complex.} O-O 15. Nd3 Nf7 16. Bf2 Nh6 17. Rac1) 14... fxg5 15. Nc2 O-O {next ...Nxd4! is good for Black.} 16. Nc3 {The position is equal.} a6 $146 ({Predecessor:} 16... Rac8 17. a3 Bd8 18. Rad1 Bb6 19. Kh1 Rf4 20. Nb5 a6 21. Nd6 Rcf8 {0-1 (47) Nascimento,J (2234)-Martins,J (2231) Rio de Janeiro 2014}) 17. Rac1 b5 {[%cal Bb7b5,Bb5b4][%mdl 32]} 18. Qd2 Rac8 19. g3 Na5 20. Ne3 (20. b3 $11) 20... b4 $15 21. Ne2 Nc4 $36 {[%mdl 2048] Black is pushing.} 22. Nxc4 dxc4 23. Qe3 h6 24. Qe4 Rfd8 25. Kg2 Qd5 26. Rfd1 a5 27. Rd2 Rd7 28. Rdc2 Kf7 29. Kh3 g6 30. Kg2 {Precision: White = 57%, Black = 56%.} 1/2-1/2

[Event "28th WSCC Open 65 2018"]
[Site "Bled"]
[Date "2018.11.26"]
[Round "8"]
[White "Harestad, Thor Geir"]
[Black "Berkovich, Mark A"]
[Result "0-1"]
[WhiteElo "2239"]
[BlackElo "2339"]
[Annotator "TA"]
[PlyCount "46"]
[EventDate "2018.11.17"]
[EventType "swiss"]
[EventCountry "SLO"]
[SourceTitle "playchess.com"]
[Source "ChessBase"]
[SourceQuality "1"]

{[%evp 19,46,7,22,0,33,11,28,22,34,23,43,30,47,8,101,84,100,19,62,58,67,-292,-285,-560,-475,-1952,-1314,-29994,-1260]} 1. c4 Nf6 2. Nc3 e5 3. g3 c6 4. d4 exd4 5. Qxd4 Na6 6. Nf3 {A23: English Opening: 1...e5 2 Nc3 Nf6 3 g3 c6} Bc5 7. Qe5+ Be7 8. Bg2 O-O 9. O-O Re8 10. Qd4 Bc5 {LiveBook: 4 Games} 11. Qd1 d6 12. b3 Qe7 $146 ({Predecessor:} 12... Bf5 13. Bb2 Nc7 14. Na4 Bb6 15. Nxb6 axb6 {0-1 (42) Leko,P (2730)-Vachier Lagrave,M (2745) Beijing 2013}) 13. a3 Be6 14. Nd4 Rad8 15. Nxe6 Qxe6 16. Bb2 d5 (16... Ng4 $11) 17. cxd5 $16 cxd5 18. Bf3 ({White should try} 18. b4 $16 Bb6 19. Na4) 18... Ne4 {[%cal Bf6e4,Be4g3,Bg3f5][%mdl 32]} 19. b4 Bb6 20. h4 $2 {[%mdl 8192] [#]} (20. Na4 $14) 20... Nxg3 $19 21. Re1 $2 (21. Na4 Nxf1 22. Kxf1) 21... Nf5 22. Bxd5 (22. Qd3 $142 Qg6+ 23. Bg2 Bxf2+ {[%mdl 64] Remove Defender} 24. Kxf2) 22... Qg6+ 23. Kf1 {[#]} Bxf2 {Accuracy: White = 20%, Black = 24%.} (23... Ne3+ $142 $1 {[%mdl 512]} 24. fxe3 Bxe3 25. Bg2 Qf5+ 26. Bf3 Qh3+ {[%mdl 64] Double Attack} 27. Bg2 Qh2 28. Bxb7 Qg1#) 0-1

[Event "28th WSCC Open 65 2018"]
[Site "Bled"]
[Date "2018.11.26"]
[Round "8"]
[White "Lind, Jan-Olov"]
[Black "Pushkov, Nikolai"]
[Result "1/2-1/2"]
[WhiteElo "2215"]
[BlackElo "2324"]
[Annotator "TA"]
[PlyCount "95"]
[EventDate "2018.11.17"]
[EventType "swiss"]
[EventCountry "SLO"]
[SourceTitle "playchess.com"]
[Source "ChessBase"]
[SourceQuality "1"]

{[%evp 18,95,10,11,27,0,39,22,31,39,45,32,30,14,31,38,31,42,42,50,73,14,29,26,57,53,43,47,50,22,20,24,24,0,37,17,95,89,110,100,96,95,75,6,55,26,24,20,145,12,9,13,42,0,0,0,0,0,0,0,34,18,28,40,40,31,115,30,20,22,22,31,31,29,25,0,31,0,18,0]} 1. e4 e6 2. d3 c5 3. g3 d5 4. Nd2 g6 5. Bg2 Bg7 6. Ngf3 Ne7 7. O-O Nbc6 8. Re1 O-O 9. c3 b6 10. e5 a5 {A08: King's Indian Attack} 11. Nf1 b5 (11... Ba6 12. h4 h6 13. N1h2 Nf5 14. Bf4 b5 15. Qd2 Kh7 16. Rac1 Rc8 17. Ng4 b4 18. Bh3 bxc3 {½-½ (18) Vujosevic,V (2365)-Kosic,D (2498) Bijelo Polje 2016}) 12. Bf4 $146 ({Predecessor:} 12. d4 b4 13. h4 h6 14. Ne3 a4 15. a3 bxc3 16. bxc3 Bd7 17. Ng4 Nf5 18. Bf4 {0-1 (53) Guven,B (1907)-Pamatmat,J (2132) Caldas Novas 2011}) 12... d4 13. cxd4 cxd4 14. Qd2 Bb7 15. Bh6 Bxh6 16. Qxh6 {Intending Ng5 and mate.} Nf5 17. Qd2 $1 Rc8 18. Rac1 Qe7 19. h4 (19. a3 $16) 19... h5 20. N1h2 Kg7 21. Ng5 {[%cal Bf3g5,Bg5e4,Be4f6][%mdl 32]} Ba8 22. Nhf3 Qb4 23. Qe2 Nce7 24. Ne4 a4 25. Nfg5 a3 (25... Bxe4 $5 26. dxe4 d3 27. Qxd3 Nd4 $11) 26. Rb1 Nd5 {[#]} (26... Qa4 $11) 27. Nf6 $1 $16 Nde7 28. bxa3 Qxa3 29. Rb3 Qa5 {[#] aiming for ...Rc2!} 30. Bxa8 (30. Reb1 $1 $16) 30... Rxa8 (30... Rc2 $5 31. Qd1 (31. Qxc2 Qxe1+ 32. Kg2 Rc8 $11) 31... Rxa8 $11) 31. a3 Rfc8 32. Reb1 {And now Nxh5+! would win.} Ra6 (32... Rab8 $1 $11) 33. Nf3 (33. Rxb5 $16 Rc1+ 34. Rxc1 Qxb5 35. Rc7 Rxa3 36. Nxh5+ Kf8 37. Kh2) 33... Rac6 $11 34. Rxb5 Qxa3 35. Qd2 Rc1+ 36. Rxc1 Qxc1+ 37. Qxc1 Rxc1+ 38. Kg2 Rc3 39. Rb8 {Threatening Ne8+.} Rc8 ({Of course not} 39... Rxd3 40. Ng5 $16) 40. Rb7 Nc6 $1 41. Ne4 Re8 (41... Kg8 $14) 42. Kf1 ({White should play} 42. Nd6 $16 Re7 43. Nxf5+ gxf5 44. Rxe7 {[%mdl 64] Overworked Piece} Nxe7 45. Nxd4) 42... Re7 43. Rb6 Rc7 44. Nd6 Kf8 45. Nb5 Rc8 46. Nd6 Rc7 47. Nb5 Rc8 48. Nd6 {Accuracy: White = 44%, Black = 44%.} 1/2-1/2

[Event "28th WSCC Open 65 2018"]
[Site "Bled"]
[Date "2018.11.26"]
[Round "8"]
[White "Privara, Igor"]
[Black "Shirazi, Kamran"]
[Result "1/2-1/2"]
[WhiteElo "2207"]
[BlackElo "2333"]
[Annotator "TA"]
[PlyCount "184"]
[EventDate "2018.11.17"]
[EventType "swiss"]
[EventCountry "SLO"]
[SourceTitle "playchess.com"]
[Source "ChessBase"]
[SourceQuality "1"]

{[%evp 14,184,37,50,52,12,19,9,10,7,23,0,18,18,18,18,21,25,23,-16,24,24,30,28,37,36,51,54,38,18,50,57,52,20,108,97,104,99,123,111,123,113,125,124,127,127,123,120,216,156,166,117,113,115,140,160,146,113,118,121,123,117,129,146,133,137,136,136,140,124,184,192,208,186,232,231,229,224,225,222,238,181,326,275,430,374,402,407,505,504,449,409,409,391,395,254,263,254,254,254,749,0,252,243,562,417,425,425,427,425,567,567,632,727,409,72,72,72,72,72,72,72,72,72,75,72,113,72,113,87,113,61,61,61,61,61,61,61,61,61,61,61,61,61,61,61,61,61,61,61,61,61,61,61,61,0,61,61,61,61,61,61,68,0,0,0,0,0,0,0,0,0,0]} 1. e4 {[%cal Be2e4,Be4e5][%mdl 32]} c5 2. c3 Nf6 3. e5 Nd5 4. Nf3 d6 5. Bc4 Nb6 (5... e6 6. d4 Nc6 7. O-O cxd4 8. cxd4 Be7 9. exd6 Qxd6 10. Nc3 Nxc3 11. bxc3 O-O 12. Re1 Qd8 13. Qe2 b6 14. d5 Na5 15. dxe6 Nxc4 16. exf7+ Kh8 17. Qxc4 Bb7 18. Ne5 Bd6 19. Bf4 Rc8 20. Qe6 Qf6 21. Ng6+ Qxg6 22. Qxg6 hxg6 23. Bxd6 Rxf7 {½-½ (86) Jones,G (2660)-Cori Tello,J (2641) Tbilisi 2017}) 6. Bb3 {B22: Sicilian: 2 c3} dxe5 7. Nxe5 e6 8. O-O {LiveBook: 10 Games. White is slightly better.} Bd6 9. Qe2 O-O 10. d4 cxd4 11. cxd4 Nc6 12. Qe4 $146 ({Predecessor:} 12. Rd1 Qc7 {1-0 (44) Slapikas,V (2345)-Kosiorek,M (2185) Polanica Zdroj 1996}) 12... Bd7 13. Nc3 (13. Bc2 f5 $17) 13... Nxe5 14. dxe5 Bc6 15. Qe2 {[#] Black must now prevent Rd1.} Bc7 16. Bf4 Nd5 (16... Qd4 {looks sharper.} 17. g3 Qb4 18. Rac1 Rfd8 19. Bc2 h6) 17. Nxd5 exd5 18. Rad1 Re8 19. Rfe1 Ba5 20. Bd2 $1 Bb6 21. Bc3 d4 {Threatens to win with ...Qg5.} 22. Qg4 {[%cal Rc3d4]} Bd7 23. Qf4 Be6 (23... dxc3 $11 24. Qxf7+ Kh8 25. Rxd7 Qg5) 24. Bxe6 $16 Rxe6 25. Bxd4 Qe7 26. Bc3 Re8 27. Qc4 h6 28. h3 Rc6 29. Qg4 Re6 30. Rd6 Qf8 (30... Bc5 $16 31. Rd5 Rd8) 31. Red1 Bc5 32. Rxe6 fxe6 33. Bd4 Kh8 34. Bxc5 Qxc5 {[%mdl 4096] Endgame KQR-KQR} 35. Rd7 {[%csl Gd7][%cal Rg4g7]} Qxe5 36. Rxb7 Rc8 {( -> ...Rc1+)} 37. Qg3 Qd4 38. Qe3 Qd1+ 39. Kh2 Qd6+ 40. g3 a5 41. Rb6 $40 {[%mdl 128] White is out for blood.} Rc6 {[#]} (41... Qd5 $16 42. Rxe6 (42. Qxe6 Qxe6 43. Rxe6 Rc2 $16) 42... Rf8) 42. Rb5 $1 $18 Qc7 43. Re5 Ra6 44. a4 Qc8 45. Rc5 Qf8 46. Kg1 Rb6 47. Qc1 Rb8 (47... Rd6 $142 48. Rc4 (48. Rxa5 Qf3 $11) 48... Rd8) 48. Rxa5 Rc8 (48... Qb4 {is a better defense.} 49. Ra6 e5) 49. Qd2 Rd8 50. Qf4 Qe8 51. Qe4 Qf8 52. Ra6 Rd1+ 53. Kg2 Rd2 54. Qe3 Rxb2 55. Rxe6 {And now Qd4 would win.} Qa8+ 56. Qe4 Qf8 $2 (56... Rb8 57. h4 Kg8) 57. Qe3 $2 (57. Qd4 Qa8+ 58. Kh2) 57... Qa8+ $1 58. Qf3 Qg8 $2 (58... Qxa4 59. Rxh6+ (59. Qf8+ Kh7 $18) 59... gxh6) 59. Ra6 Rb8 60. Ra7 Rf8 61. Qe4 Qa2 62. Qd4 {[%csl Ga7][%cal Rd4g7]} Qg8 63. a5 Rd8 64. Rd7 $2 (64. Qe4 $18 {has better winning chances.}) 64... Rxd7 $16 65. Qxd7 {KQ-KQ} Qa8+ 66. Kh2 {Hoping for Qb5.} Qxa5 67. Qe8+ Kh7 68. Qe4+ Kh8 69. h4 Qa2 70. Qf4 Kg8 71. g4 Qb3 72. g5 (72. Qf5 $16) 72... hxg5 $14 73. hxg5 {g6 would kill now.} Qe6 74. Kg3 Kh7 75. Kh4 Qd5 76. f3 {Qe4+ is the strong threat.} g6 77. Qe4 Qd6 78. f4 Qd7 79. Kg3 Qf7 80. Qe5 Qd7 81. Qf6 Qd3+ 82. Kh4 Qe4 83. Qe5 $1 {[%cal Re5e4]} Qd3 84. Kg4 (84. Qe7+ $14 Kh8 85. Qe6) 84... Kg8 ({Better is} 84... Qd1+ $11 85. Kg3 Qb3+ 86. Kf2 Qd3 87. Qe7+ Kg8 88. Qe8+ Kg7) 85. Qb8+ Kg7 86. Qb7+ Kg8 87. Qf3 Qb1 88. f5 (88. Qd5+ $14 Kg7 89. Qe5+ Kf7 90. Qf6+ Ke8 91. Qe6+ Kf8 92. Qf6+ Ke8 93. Qe6+ Kf8 94. Qc8+ Kf7 95. Qc7+ Ke8 96. Qc8+ Ke7 97. Qc5+ Kf7 98. Qc7+ Kf8 99. Qd8+ Kf7 100. Qd7+ Kg8 101. Qd4) 88... Qxf5+ $11 {The position is equal.} 89. Qxf5 gxf5+ 90. Kxf5 Kf7 91. g6+ Kg7 92. Kg5 Kg8 {Precision: White = 59%, Black = 45%.} 1/2-1/2

[Event "28th WSCC Open 65 2018"]
[Site "Bled"]
[Date "2018.11.26"]
[Round "8"]
[White "Wahlbom, Magnus"]
[Black "Karasev, Vladimir I"]
[Result "1/2-1/2"]
[WhiteElo "2173"]
[BlackElo "2314"]
[Annotator "RC"]
[PlyCount "115"]
[EventDate "2018.11.17"]
[EventType "swiss"]
[EventCountry "SLO"]
[SourceTitle "playchess.com"]
[Source "ChessBase"]
[SourceQuality "1"]
[TimeControl "40/5400+30:1800+30"]

1. e4 c5 2. Nf3 d6 3. d4 cxd4 4. Nxd4 Nf6 5. Nc3 a6 6. Bg5 e6 7. Qf3 Nbd7 8. O-O-O Qc7 9. Qg3 Rb8 10. f4 h6 11. Bxf6 gxf6 12. Be2 h5 13. Qh4 Qc5 14. Rd3 Bh6 15. Kb1 b5 16. Bxh5 Kf8 17. Be2 Bg7 18. Qg3 b4 19. Na4 Qc7 20. Rhd1 Nb6 21. Nxb6 Rxb6 22. h3 Rg8 23. Bf3 f5 24. Qe1 fxe4 25. Qxe4 d5 26. Qe3 Bh6 27. Ne2 a5 28. g4 Ba6 29. Rd4 Bg7 30. R4d2 Rh8 31. Bg2 Bc3 32. Nd4 Bxd2 33. Rxd2 a4 34. Rd1 Rg8 35. Re1 a3 36. f5 e5 37. Qxe5 Qxe5 38. Rxe5 axb2 39. Rxd5 Bb7 40. Rd8+ Kg7 41. Rxg8+ Kxg8 42. Bxb7 Rxb7 43. Kxb2 Kg7 44. Kb3 Kf6 45. Nc6 Kg5 46. Nxb4 Kh4 47. c4 Kxh3 48. g5 Kg4 49. g6 f6 50. c5 Kxf5 51. c6 Rg7 52. Nd5 Ke6 53. c7 Kd7 54. Nxf6+ Kc8 55. Nd5 Kb7 56. Kc4 Kc8 57. Kd4 Kd7 58. Ke5 1/2-1/2

[Event "28th WSCC Open 65 2018"]
[Site "Bled"]
[Date "2018.11.26"]
[Round "8"]
[White "Srebrnic, Vojko"]
[Black "Buchal, Stephan"]
[Result "0-1"]
[WhiteElo "2140"]
[BlackElo "2288"]
[Annotator "NA"]
[PlyCount "70"]
[EventDate "2018.11.17"]
[EventType "swiss"]
[EventCountry "SLO"]
[SourceTitle "playchess.com"]
[Source "ChessBase"]
[SourceQuality "1"]
[TimeControl "40/5400+30:1800+30"]

1. b3 e5 2. Bb2 d6 3. e4 Nf6 4. Nc3 c5 5. Bb5+ {LiveBook: 5 Games} Nbd7 6. a4 g6 7. Nf3 Bg7 8. d3 O-O 9. Bc4 Nb6 10. Nd2 Bg4 11. f3 Nxc4 $16 12. Nxc4 Be6 13. Ne2 Qc7 14. O-O Nh5 15. g4 Nf6 16. Ng3 Nd7 17. Qe2 Rae8 18. Ne3 Nb8 19. c4 Nc6 20. Bc3 Nd4 21. Bxd4 cxd4 22. Ng2 Bh6 23. Kh1 Qe7 24. f4 exf4 25. Nxf4 Qh4 26. Nxe6 fxe6 27. Rxf8+ Rxf8 28. Rf1 Rxf1+ 29. Nxf1 Qh3 30. Kg1 Bf4 31. Kh1 a5 32. Kg1 e5 33. Qd1 Kg7 34. Qe2 Kh6 35. Nd2 Qe3+ 0-1

[Event "28th WSCC Open 65 2018"]
[Site "Bled"]
[Date "2018.11.27"]
[Round "9"]
[White "Vaisser, Anatoli"]
[Black "Shevelev, Arkady"]
[Result "1/2-1/2"]
[WhiteElo "2504"]
[BlackElo "2278"]
[Annotator "RC"]
[PlyCount "60"]
[EventDate "2018.11.17"]
[EventType "swiss"]
[EventCountry "SLO"]
[SourceTitle "playchess.com"]
[Source "ChessBase"]
[SourceQuality "1"]
[TimeControl "40/5400+30:1800+30"]

1. d4 {[%emt 0:00:00]} Nf6 {[%emt 0:00:00]} 2. Nf3 {[%emt 0:00:39]} d5 {[%emt 0:00:19]} 3. c4 {[%emt 0:00:45]} c5 {[%emt 0:00:20]} 4. dxc5 {[%emt 0:02:34]} e6 {[%emt 0:02:55]} 5. e3 {[%emt 0:01:30]} Bxc5 {[%emt 0:00:49]} 6. a3 {[%emt 0:01:13]} Be7 {[%emt 0:05:04]} 7. cxd5 {[%emt 0:01:51]} Qxd5 {[%emt 0:03:51]} 8. Bd3 {[%emt 0:02:49]} Nc6 {[%emt 0:04:15]} 9. Nc3 {[%emt 0:00:18]} Qh5 {[%emt 0:04:55]} 10. b4 {[%emt 0:11:04]} Ne5 {[%emt 0:04:10]} 11. Nxe5 {[%emt 0:06:25]} Qxe5 {[%emt 0:00:17]} 12. Bb2 {[%emt 0:00:12]} O-O {[%emt 0:01:06]} 13. Qc2 {[%emt 0:06:07]} Qc7 {[%emt 0:01:54]} 14. g4 {[%emt 0:06:20]} Qc6 {[%emt 0:00:23]} 15. Rg1 {[%emt 0:01:11]} g6 {[%emt 0:00:27]} 16. g5 {[%emt 0:03:31]} Nd5 {[%emt 0:00:42]} 17. Nxd5 {[%emt 0:01:27]} exd5 {[%emt 0:00:24]} 18. Qd2 {[%emt 0:02:43]} Rd8 {[%emt 0:05:49]} 19. h4 {[%emt 0:01:59]} Qe6 {[%emt 0:03:23]} 20. Bc2 {[%emt 0:05:59]} d4 {[%emt 0:01:23]} 21. Bxd4 {[%emt 0:00:12]} Bf8 {[%emt 0:00:17]} 22. Qe2 {[%emt 0:01:32]} Bd7 {[%emt 0:00:56]} 23. Bd3 {[%emt 0:14:18]} Rac8 {[%emt 0:01:33]} 24. h5 {[%emt 0:00:59]} Bc6 {[%emt 0:06:00]} 25. hxg6 {[%emt 0:01:47]} hxg6 {[%emt 0:00:17]} 26. Bc4 {[%emt 0:01:47]} Qf5 {[%emt 0:00:51]} 27. Qg4 {[%emt 0:07:37]} Qc2 {[%emt 0:05:24]} 28. Qe2 {[%emt 0:00:10]} Qf5 {[%emt 0:00:20]} 29. Qg4 {[%emt 0:00:32]} Qc2 {[%emt 0:00:09]} 30. Qe2 {[%emt 0:00:36]} Qf5 {[%emt 0:00:12]} 1/2-1/2